| 000 | 01149cam a22003493a 4500 | ||
|---|---|---|---|
| 001 | 15274069 | ||
| 003 | OSt | ||
| 005 | 20230329120047.0 | ||
| 008 | 061017t20072006onc 000 1 eng d | ||
| 010 | _a 2007299682 | ||
| 016 | _a20070009481 | ||
| 020 | _a0373125968 (pbk. : 2007) | ||
| 020 | _a9780373125968 (pbk. : 2007) | ||
| 035 | _a(OCoLC)ocm73352664 | ||
| 035 | _a(OCoLC)73352664 | ||
| 040 |
_aMMU _cMMU _dMMU _dMMU _dMMU _dMMU _dMMU _beng |
||
| 042 | _alccopycat | ||
| 050 | 0 | 0 | _aFIC PS 3606 .M67 2006 |
| 100 | 1 | _aMorey, Trish. | |
| 245 | 1 | 4 |
_aThe Greek's virgin / _cTrish Morey. |
| 260 |
_aToronto : _aNew York : _bHarlequin, _c2007, c2006. |
||
| 300 |
_a187 p. : _c17 cm. |
||
| 440 | 0 |
_aHarlequin presents ; _v2596. _pGreek tycoons |
|
| 500 | _a"1st North American publication 2007"--T.p. verso. | ||
| 650 | 0 |
_aGreeks _zAustralia _vFiction. |
|
| 650 | 0 |
_aMan-woman relationships _vFiction. |
|
| 655 | 7 |
_aLove stories. _2gsafd |
|
| 710 | 2 |
_aCopyright Paperback Collection (Library of Congress) _5DLC |
|
| 906 |
_a7 _bcbc _ccopycat _d2 _encip _f20 _gy-genrareb |
||
| 942 |
_2lcc _cLOAN LOAN |
||
| 999 |
_c31010 _d31008 |
||